| 000 | 00549nam a2200181Ia 4500 | ||
|---|---|---|---|
| 003 | GCL | ||
| 008 | 140319s9999 xx 000 0 ara d | ||
| 040 |
_aGCL / _cGCL |
||
| 082 | 0 | 4 |
_a415.1 _bان |
| 100 | 1 | _aالازهر الزناد | |
| 245 | 1 | 0 |
_aنسيج النص:بحث فى ما يكون بة الملفوظ نصا / _cالازهر الزناد |
| 260 |
_a[S.N] : _bالمركز الثقافى العربى ، _c1993 |
||
| 300 | _a176 ص | ||
| 490 | _a | ||
| 650 | 0 | 4 | _aالنحو |
| 650 | 0 | 4 | _aاللغة العربية |
| 942 |
_2ddc _cBK |
||
| 999 |
_c53865 _d53865 |
||